000 004890000a22001930004500
001 1503
003 CO-MdFUSB
005 20170615172047.0
008 170615b xxu||||| |||| 00| 0 eng d
020 _a958-04-9750-8
040 _cCO-MdBIC
082 0 4 _a863C B862dm
100 1 _aKasza, Keiko
245 1 0 _aDorotea y Miguel / Keiko Kasza ; traducción de Cristina Aparicio
260 _aBogotá : Norma
300 _a32 P.
650 1 4 _aCuentos Infantiles Japoneses
942 _cLGB
999 _c48663
_d48663